000 00572nam a2200157Ia 4500
003 GCL
008 140319s9999 xx 000 0 ara d
040 _aGCL /
_cGCL
082 0 4 _a906
_bج م
100 1 _aالجمعية المصرية للدراسات التاريخية
245 1 0 _aالموسوعة الثقافية : مجموعة المحاضرات العامة التى القيت بالجمعية 1978 - 1983 /
_cالجمعية المصرية للدراسات التاريخية
300 _a462 ص
490 _a
650 0 4 _aالتاريخ
942 _2ddc
_cBK
999 _c46587
_d46587